| 000 | 00862nam a2200229Ia 4500 | ||
|---|---|---|---|
| 003 | GCL | ||
| 008 | 140319s9999 xx 000 0 ara d | ||
| 040 |
_aGCL / _cGCL |
||
| 082 | 0 | 4 |
_aد _b050 _bد هـ |
| 100 | 1 | _aسامى البجيرمى | |
| 245 | 1 | 0 |
_aمازالت الاحلام ممكنة ( يناير 2005 ) / _cسامى البجيرمى |
| 260 |
_aالقاهرة : _bدار الهلال للطباعة والنشر ، _c2005 |
||
| 490 |
_aالرحالة العرب والاجانب _v0 |
||
| 650 | 0 | 4 | _aالنزاع العربى الاسرائيلى |
| 650 | 0 | 4 | _aالقضية الفلسطينية |
| 650 | 0 | 4 | _aالشعر العربى - تاريخ ونقد |
| 650 | 0 | 4 | _aحرية التعبير |
| 650 | 0 | 4 | _aاسرائيل - تاريخ |
| 650 | 0 | 4 | _aمصر - التنمية الاقتصادية |
| 650 | 0 | 4 | _aالعولمة |
| 942 |
_2ddc _cCR |
||
| 999 |
_c44589 _d44589 |
||